[Event "Deutsche Ländermeisterschaft 2025"]
[Site "Oer-Erkenschwick GER"]
[Date "2025.10.04"]
[Round "6"]
[White "Ignatova, Gabriela"]
[Black "Bohatyrova, Mariia"]
[Result "0-1"]
[Termination "normal"]
[Board "7.7"]
[WhiteElo "1703"]
[BlackElo "1793"]
[WhiteClock "01:01:37"]
[BlackClock "00:45:44"]
[WhiteTeam "Thüringen"]
[BlackTeam "Nordrhein-Westfalen 2"]
[PlyCount "37"]
[WhiteFideId "34623698"]
[BlackFideId "34165789"]
[EventCountry "GER"]
[EventRounds "7"]
[EventType "team-swiss"]
[EventDate "2025.09.30"]

1. e4 {[%clk 01:30:57]} {[%emt 00:00:02]} e5 {[%clk 01:30:52]} {[%emt
00:00:09]} 2. Nf3 {[%clk 01:31:14]} {[%emt 00:00:13]} Nf6 {[%clk 01:31:13]}
{[%emt 00:00:09]} 3. Nxe5 {[%clk 01:31:34]} {[%emt 00:00:10]} d6 {[%clk
01:31:30]} {[%emt 00:00:13]} 4. Nf3 {[%clk 01:31:56]} {[%emt 00:00:08]} Nxe4
{[%clk 01:31:45]} {[%emt 00:00:15]} 5. d4 {[%clk 01:32:20]} {[%emt 00:00:07]}
d5 {[%clk 01:31:57]} {[%emt 00:00:17]} 6. Bd3 {[%clk 01:32:30]} {[%emt
00:00:20]} Nc6 {[%clk 01:27:27]} {[%emt 00:05:00]} 7. c3 {[%clk 01:29:22]}
{[%emt 00:03:38]} Bd6 {[%clk 01:20:31]} {[%emt 00:07:25]} 8. O-O {[%clk
01:27:59]} {[%emt 00:01:55]} O-O {[%clk 01:14:48]} {[%emt 00:06:12]} 9. Re1
{[%clk 01:21:34]} {[%emt 00:06:55]} Bf5 {[%clk 01:06:17]} {[%emt 00:09:01]} 10.
c4 {[%clk 01:04:16]} {[%emt 00:17:49]} Nb4 {[%clk 00:59:48]} {[%emt 00:06:56]}
11. cxd5 {[%clk 01:03:57]} {[%emt 00:00:51]} Nxf2 {[%clk 00:57:14]} {[%emt
00:03:05]} 12. Kxf2 {[%clk 01:00:45]} {[%emt 00:03:42]} Nxd3+ {[%clk 00:57:36]}
{[%emt 00:00:07]} 13. Kg1 {[%clk 01:01:01]} {[%emt 00:00:15]} Nxe1 {[%clk
00:57:31]} {[%emt 00:00:35]} 14. Qxe1 {[%clk 01:01:28]} {[%emt 00:00:04]} Re8
{[%clk 00:56:31]} {[%emt 00:01:28]} 15. Qf2 {[%clk 01:01:32]} {[%emt 00:00:28]}
Qe7 {[%clk 00:49:49]} {[%emt 00:07:09]} 16. Nc3 {[%clk 01:01:40]} {[%emt
00:00:24]} Bg4 {[%clk 00:45:46]} {[%emt 00:04:31]} 17. Bd2 {[%clk 01:01:05]}
{[%emt 00:01:06]} Bxf3 {[%clk 00:45:36]} {[%emt 00:00:41]} 18. Qxf3 {[%clk
01:01:25]} {[%emt 00:00:10]} Qh4 {[%clk 00:45:44]} {[%emt 00:00:20]} 19. g3
{[%clk 01:01:37]} {[%emt 00:00:20]} 0-1

[Event "Deutsche Ländermeisterschaft 2025"]
[Site "Oer-Erkenschwick GER"]
[Date "2025.10.04"]
[Round "6"]
[White "Göb, Franziska"]
[Black "Sniegowski, Victoria"]
[Result "1-0"]
[Termination "normal"]
[Board "7.8"]
[WhiteElo "1683"]
[BlackElo "1485"]
[WhiteClock "00:05:17"]
[BlackClock "00:31:55"]
[WhiteTeam "Nordrhein-Westfalen 2"]
[BlackTeam "Thüringen"]
[PlyCount "70"]
[WhiteFideId "16293177"]
[BlackFideId "34675612"]
[EventCountry "GER"]
[EventRounds "7"]
[EventType "team-swiss"]
[EventDate "2025.09.30"]

1. e4 {[%clk 01:30:59]} e5 {[%clk 01:30:54]} {[%emt 00:00:07]} 2. Nf3 {[%clk
01:31:26]} {[%emt 00:00:03]} Nc6 {[%clk 01:31:17]} {[%emt 00:00:07]} 3. Bc4
{[%clk 01:31:52]} {[%emt 00:00:04]} Nf6 {[%clk 01:31:32]} {[%emt 00:00:14]} 4.
Ng5 {[%clk 01:31:53]} {[%emt 00:00:29]} d5 {[%clk 01:31:50]} {[%emt 00:00:12]}
5. exd5 {[%clk 01:32:18]} {[%emt 00:00:06]} Na5 {[%clk 01:32:10]} {[%emt
00:00:09]} 6. Bb5+ {[%clk 01:32:44]} {[%emt 00:00:04]} c6 {[%clk 01:32:31]}
{[%emt 00:00:09]} 7. dxc6 {[%clk 01:33:11]} {[%emt 00:00:04]} bxc6 {[%clk
01:32:53]} {[%emt 00:00:07]} 8. Bd3 {[%clk 01:33:35]} {[%emt 00:00:06]} Nd5
{[%clk 01:32:09]} {[%emt 00:01:14]} 9. Ne4 {[%clk 01:30:26]} {[%emt 00:03:38]}
Nf4 {[%clk 01:22:22]} {[%emt 00:10:18]} 10. Bf1 {[%clk 01:24:39]} {[%emt
00:06:17]} Qd4 {[%clk 01:18:45]} {[%emt 00:04:06]} 11. d3 {[%clk 01:16:37]}
{[%emt 00:08:33]} Bf5 {[%clk 01:12:24]} {[%emt 00:06:51]} 12. c3 {[%clk
01:04:32]} {[%emt 00:12:35]} Qd5 {[%clk 01:08:56]} {[%emt 00:03:51]} 13. Bxf4
{[%clk 00:55:16]} {[%emt 00:09:52]} exf4 {[%clk 01:05:12]} {[%emt 00:04:14]}
14. Nbd2 {[%clk 00:44:35]} {[%emt 00:11:11]} Qe6 {[%clk 00:59:26]} {[%emt
00:06:14]} 15. Be2 {[%clk 00:35:16]} {[%emt 00:09:51]} Be7 {[%clk 00:54:28]}
{[%emt 00:05:29]} 16. O-O {[%clk 00:31:15]} {[%emt 00:04:31]} g5 {[%clk
00:50:32]} {[%emt 00:04:26]} 17. h3 {[%clk 00:21:22]} {[%emt 00:10:22]} Rg8
{[%clk 00:47:53]} {[%emt 00:03:09]} 18. Bg4 {[%clk 00:19:39]} {[%emt 00:02:13]}
Bxg4 {[%clk 00:47:41]} {[%emt 00:00:43]} 19. hxg4 {[%clk 00:18:40]} {[%emt
00:01:29]} f5 {[%clk 00:46:17]} {[%emt 00:01:54]} 20. gxf5 {[%clk 00:17:11]}
{[%emt 00:01:59]} Qxf5 {[%clk 00:46:28]} {[%emt 00:00:20]} 21. Qh5+ {[%clk
00:15:35]} {[%emt 00:02:04]} Kd7 {[%clk 00:45:28]} {[%emt 00:01:30]} 22. Rfe1
{[%clk 00:13:05]} {[%emt 00:03:01]} Rg7 {[%clk 00:43:09]} {[%emt 00:02:42]} 23.
d4 {[%clk 00:12:11]} {[%emt 00:01:31]} Qf8 {[%clk 00:42:27]} {[%emt 00:01:12]}
24. Qg4+ {[%clk 00:12:00]} {[%emt 00:00:40]} Kc7 {[%clk 00:41:54]} {[%emt
00:01:03]} 25. b4 {[%clk 00:10:46]} {[%emt 00:01:44]} Nb7 {[%clk 00:40:41]}
{[%emt 00:01:44]} 26. Nb3 {[%clk 00:09:26]} {[%emt 00:01:50]} Qh8 {[%clk
00:40:06]} {[%emt 00:01:04]} 27. Nec5 {[%clk 00:07:51]} {[%emt 00:02:06]} Nxc5
{[%clk 00:39:07]} {[%emt 00:01:29]} 28. dxc5 {[%clk 00:07:43]} {[%emt
00:00:38]} h5 {[%clk 00:38:25]} {[%emt 00:01:12]} 29. Qe6 {[%clk 00:07:35]}
{[%emt 00:00:37]} Re8 {[%clk 00:38:13]} {[%emt 00:00:43]} 30. Qe5+ {[%clk
00:07:13]} {[%emt 00:00:50]} Kc8 {[%clk 00:37:14]} {[%emt 00:01:30]} 31. Na5
{[%clk 00:07:08]} {[%emt 00:00:37]} Qh6 {[%clk 00:36:54]} {[%emt 00:00:47]} 32.
Rad1 {[%clk 00:06:25]} {[%emt 00:01:14]} Qg6 {[%clk 00:36:04]} {[%emt
00:01:21]} 33. Nxc6 {[%clk 00:05:54]} {[%emt 00:01:02]} Qxc6 {[%clk 00:32:42]}
{[%emt 00:03:51]} 34. Qxg7 {[%clk 00:06:14]} {[%emt 00:00:10]} Qc7 {[%clk
00:31:55]} {[%emt 00:01:16]} 35. Qf7 {[%clk 00:05:17]} {[%emt 00:01:26]} Rh8
{[%emt 00:01:14]} 1-0

[Event "Deutsche Ländermeisterschaft 2025"]
[Site "Oer-Erkenschwick GER"]
[Date "2025.10.04"]
[Round "6"]
[White "Fuhrmann, Bahne"]
[Black "Herrmann, Jakob"]
[Result "1/2-1/2"]
[Termination "normal"]
[Board "8.1"]
[WhiteTitle "FM"]
[BlackTitle "FM"]
[WhiteElo "2225"]
[BlackElo "2252"]
[WhiteClock "00:23:49"]
[BlackClock "00:32:47"]
[WhiteTeam "Hamburg 1"]
[BlackTeam "Mecklenburg-Vorpommern"]
[PlyCount "99"]
[WhiteFideId "16244842"]
[BlackFideId "16287169"]
[EventCountry "GER"]
[EventRounds "7"]
[EventType "team-swiss"]
[EventDate "2025.09.30"]

1. e4 {[%clk 01:30:58]} {[%emt 00:00:01]} c6 {[%clk 01:30:54]} {[%emt
00:00:05]} 2. d4 {[%clk 01:31:25]} {[%emt 00:00:03]} d5 {[%clk 01:31:19]}
{[%emt 00:00:05]} 3. Nd2 {[%clk 01:31:51]} {[%emt 00:00:04]} dxe4 {[%clk
01:31:42]} {[%emt 00:00:07]} 4. Nxe4 {[%clk 01:32:18]} {[%emt 00:00:04]} Nf6
{[%clk 01:32:01]} {[%emt 00:00:07]} 5. Qd3 {[%clk 01:32:46]} {[%emt 00:00:05]}
Nxe4 {[%clk 01:29:19]} {[%emt 00:03:13]} 6. Qxe4 {[%clk 01:33:10]} {[%emt
00:00:05]} Nd7 {[%clk 01:29:44]} {[%emt 00:00:05]} 7. Bc4 {[%clk 01:33:27]}
{[%emt 00:00:13]} Nf6 {[%clk 01:30:08]} {[%emt 00:00:06]} 8. Qd3 {[%clk
01:33:53]} {[%emt 00:00:04]} g6 {[%clk 01:29:35]} {[%emt 00:01:03]} 9. Nf3
{[%clk 01:29:01]} {[%emt 00:05:22]} Bg7 {[%clk 01:29:57]} {[%emt 00:00:08]} 10.
O-O {[%clk 01:28:50]} {[%emt 00:00:41]} O-O {[%clk 01:30:21]} {[%emt 00:00:06]}
11. Re1 {[%clk 01:28:43]} {[%emt 00:00:37]} Bf5 {[%clk 01:18:35]} {[%emt
00:12:16]} 12. Qe2 {[%clk 01:28:53]} {[%emt 00:00:21]} Bg4 {[%clk 01:18:47]}
{[%emt 00:00:18]} 13. c3 {[%clk 01:28:43]} {[%emt 00:00:40]} e6 {[%clk
01:12:57]} {[%emt 00:06:20]} 14. Bg5 {[%clk 01:25:24]} {[%emt 00:03:49]} Qa5
{[%clk 01:13:08]} {[%emt 00:00:19]} 15. Bxf6 {[%clk 00:59:48]} {[%emt
00:26:06]} Bxf6 {[%clk 01:13:31]} {[%emt 00:00:06]} 16. h3 {[%clk 01:00:08]}
{[%emt 00:00:10]} Bxf3 {[%clk 01:13:51]} {[%emt 00:00:10]} 17. Qxf3 {[%clk
01:00:33]} {[%emt 00:00:06]} Bg7 {[%clk 01:14:13]} {[%emt 00:00:07]} 18. Bb3
{[%clk 01:00:21]} {[%emt 00:00:42]} Rad8 {[%clk 01:12:52]} {[%emt 00:01:51]}
19. Rad1 {[%clk 01:00:08]} {[%emt 00:00:43]} Rd6 {[%clk 01:10:18]} {[%emt
00:03:05]} 20. h4 {[%clk 00:59:04]} {[%emt 00:01:34]} Rfd8 {[%clk 01:04:55]}
{[%emt 00:05:52]} 21. g3 {[%clk 00:57:41]} {[%emt 00:01:53]} R8d7 {[%clk
01:03:37]} {[%emt 00:01:48]} 22. Kg2 {[%clk 00:57:04]} {[%emt 00:01:07]} Rd8
{[%clk 00:58:36]} {[%emt 00:05:31]} 23. Rh1 {[%clk 00:57:15]} {[%emt 00:00:19]}
R8d7 {[%clk 00:57:33]} {[%emt 00:01:33]} 24. h5 {[%clk 00:56:24]} {[%emt
00:01:22]} Qg5 {[%clk 00:57:56]} {[%emt 00:00:06]} 25. hxg6 {[%clk 00:55:20]}
{[%emt 00:01:35]} hxg6 {[%clk 00:58:19]} {[%emt 00:00:07]} 26. Rhe1 {[%clk
00:55:05]} {[%emt 00:00:44]} c5 {[%clk 00:48:40]} {[%emt 00:10:09]} 27. Ba4
{[%clk 00:48:22]} {[%emt 00:07:14]} Rd8 {[%clk 00:43:34]} {[%emt 00:05:35]} 28.
dxc5 {[%clk 00:47:42]} {[%emt 00:01:10]} Rxd1 {[%clk 00:44:00]} {[%emt
00:00:05]} 29. Rxd1 {[%clk 00:48:05]} {[%emt 00:00:06]} Rxd1 {[%clk 00:44:26]}
{[%emt 00:00:04]} 30. Bxd1 {[%clk 00:48:28]} {[%emt 00:00:07]} Qd2 {[%clk
00:44:48]} {[%emt 00:00:07]} 31. Ba4 {[%clk 00:43:57]} {[%emt 00:05:01]} Qd5
{[%clk 00:35:59]} {[%emt 00:09:20]} 32. Be8 {[%clk 00:41:02]} {[%emt 00:03:25]}
Kf8 {[%clk 00:35:32]} {[%emt 00:00:58]} 33. Qxd5 {[%clk 00:39:06]} {[%emt
00:02:26]} exd5 {[%clk 00:35:57]} {[%emt 00:00:05]} 34. Bd7 {[%clk 00:30:57]}
{[%emt 00:08:39]} d4 {[%clk 00:29:14]} {[%emt 00:07:12]} 35. cxd4 {[%clk
00:21:59]} {[%emt 00:09:28]} Bxd4 {[%clk 00:29:30]} {[%emt 00:00:13]} 36. b4
{[%clk 00:22:26]} {[%emt 00:00:03]} Ke7 {[%clk 00:29:14]} {[%emt 00:00:45]} 37.
Bc8 {[%clk 00:21:21]} {[%emt 00:01:36]} Bc3 {[%clk 00:29:39]} {[%emt 00:00:05]}
38. b5 {[%clk 00:20:48]} {[%emt 00:01:03]} b6 {[%clk 00:29:15]} {[%emt
00:00:55]} 39. c6 {[%clk 00:20:36]} {[%emt 00:00:42]} g5 {[%clk 00:29:26]}
{[%emt 00:00:19]} 40. Kf3 {[%clk 00:20:41]} {[%emt 00:00:24]} f6 {[%clk
00:29:47]} {[%emt 00:00:08]} 41. Ke4 {[%clk 00:20:56]} {[%emt 00:00:15]} Kd6
{[%clk 00:30:12]} {[%emt 00:00:06]} 42. Kf5 {[%clk 00:20:56]} {[%emt 00:00:29]}
Kc7 {[%clk 00:30:32]} {[%emt 00:00:10]} 43. Bd7 {[%clk 00:21:02]} {[%emt
00:00:25]} Ba1 {[%clk 00:30:41]} {[%emt 00:00:20]} 44. Ke6 {[%clk 00:21:20]}
{[%emt 00:00:12]} Bb2 {[%clk 00:31:06]} {[%emt 00:00:05]} 45. Kd5 {[%clk
00:21:45]} {[%emt 00:00:05]} Ba1 {[%clk 00:31:31]} {[%emt 00:00:05]} 46. Kc4
{[%clk 00:22:11]} {[%emt 00:00:03]} Bb2 {[%clk 00:31:29]} {[%emt 00:00:32]} 47.
a4 {[%clk 00:22:35]} {[%emt 00:00:06]} Ba1 {[%clk 00:31:54]} {[%emt 00:00:05]}
48. Kb4 {[%clk 00:23:01]} {[%emt 00:00:04]} Bb2 {[%clk 00:32:20]} {[%emt
00:00:05]} 49. a5 {[%clk 00:23:26]} {[%emt 00:00:04]} Ba1 {[%clk 00:32:47]}
{[%emt 00:00:03]} 50. a6 {[%clk 00:23:49]} {[%emt 00:00:06]} 1/2-1/2

[Event "Deutsche Ländermeisterschaft 2025"]
[Site "Oer-Erkenschwick GER"]
[Date "2025.10.04"]
[Round "6"]
[White "Großmann, Piet"]
[Black "Eberle, Triona"]
[Result "1/2-1/2"]
[Termination "normal"]
[Board "8.2"]
[WhiteElo "2077"]
[BlackElo "2010"]
[WhiteClock "00:24:12"]
[BlackClock "01:21:44"]
[WhiteTeam "Mecklenburg-Vorpommern"]
[BlackTeam "Hamburg 1"]
[PlyCount "106"]
[WhiteFideId "16234359"]
[BlackFideId "34627731"]
[EventCountry "GER"]
[EventRounds "7"]
[EventType "team-swiss"]
[EventDate "2025.09.30"]

1. e4 {[%clk 01:30:57]} {[%emt 00:00:02]} c5 {[%clk 01:30:47]} {[%emt
00:00:14]} 2. Nf3 {[%clk 01:31:09]} {[%emt 00:00:17]} d6 {[%clk 01:31:12]}
{[%emt 00:00:06]} 3. d4 {[%clk 01:31:34]} {[%emt 00:00:05]} cxd4 {[%clk
01:31:38]} {[%emt 00:00:03]} 4. Nxd4 {[%clk 01:31:59]} {[%emt 00:00:05]} Nf6
{[%clk 01:32:03]} {[%emt 00:00:06]} 5. Nc3 {[%clk 01:32:23]} {[%emt 00:00:05]}
a6 {[%clk 01:32:30]} {[%emt 00:00:04]} 6. Be3 {[%clk 01:32:49]} {[%emt
00:00:04]} e5 {[%clk 01:32:55]} {[%emt 00:00:05]} 7. Nb3 {[%clk 01:33:14]}
{[%emt 00:00:04]} Be7 {[%clk 01:33:22]} {[%emt 00:00:04]} 8. f3 {[%clk
01:33:39]} {[%emt 00:00:04]} Be6 {[%clk 01:33:48]} {[%emt 00:00:05]} 9. Qd2
{[%clk 01:34:05]} {[%emt 00:00:04]} Nbd7 {[%clk 01:34:14]} {[%emt 00:00:04]}
10. O-O-O {[%clk 01:34:24]} {[%emt 00:00:11]} O-O {[%clk 01:34:38]} {[%emt
00:00:06]} 11. g4 {[%clk 01:34:49]} {[%emt 00:00:04]} b5 {[%clk 01:35:04]}
{[%emt 00:00:05]} 12. g5 {[%clk 01:35:15]} {[%emt 00:00:05]} Nh5 {[%clk
01:35:30]} {[%emt 00:00:04]} 13. Nd5 {[%clk 01:35:11]} {[%emt 00:00:33]} Bxd5
{[%clk 01:35:36]} {[%emt 00:00:24]} 14. exd5 {[%clk 01:35:36]} {[%emt
00:00:05]} f6 {[%clk 01:36:02]} {[%emt 00:00:04]} 15. gxf6 {[%clk 01:35:17]}
{[%emt 00:00:48]} Bxf6 {[%clk 01:36:24]} {[%emt 00:00:09]} 16. Na5 {[%clk
01:35:28]} {[%emt 00:00:19]} Qe8 {[%clk 01:36:46]} {[%emt 00:00:08]} 17. Kb1
{[%clk 01:31:28]} {[%emt 00:04:30]} Bd8 {[%clk 01:36:09]} {[%emt 00:01:06]} 18.
Nb7 {[%clk 01:31:18]} {[%emt 00:00:40]} Bc7 {[%clk 01:35:01]} {[%emt 00:01:39]}
19. Qc3 {[%clk 01:31:20]} {[%emt 00:00:27]} Rc8 {[%clk 01:26:17]} {[%emt
00:09:15]} 20. Qa3 {[%clk 01:14:34]} {[%emt 00:17:16]} Rxf3 {[%clk 01:17:49]}
{[%emt 00:08:59]} 21. Be2 {[%clk 01:14:49]} {[%emt 00:00:14]} Rxe3 {[%clk
01:18:00]} {[%emt 00:00:19]} 22. Qxe3 {[%clk 01:15:11]} {[%emt 00:00:09]} Nf4
{[%clk 01:18:24]} {[%emt 00:00:05]} 23. Bg4 {[%clk 01:11:19]} {[%emt 00:04:22]}
Rb8 {[%clk 01:15:25]} {[%emt 00:03:29]} 24. Qa7 {[%clk 01:02:23]} {[%emt
00:09:26]} Nf6 {[%clk 01:15:40]} {[%emt 00:00:15]} 25. Be6+ {[%clk 01:00:24]}
{[%emt 00:02:29]} Nxe6 {[%clk 01:15:53]} {[%emt 00:00:17]} 26. dxe6 {[%clk
01:00:49]} {[%emt 00:00:05]} Ra8 {[%clk 01:16:00]} {[%emt 00:00:23]} 27. Qf2
{[%clk 00:57:28]} {[%emt 00:03:51]} Qxe6 {[%clk 01:14:03]} {[%emt 00:02:27]}
28. Qg2 {[%clk 00:33:32]} {[%emt 00:24:26]} d5 {[%clk 01:10:19]} {[%emt
00:04:15]} 29. Nc5 {[%clk 00:33:48]} {[%emt 00:00:14]} Qc6 {[%clk 01:10:28]}
{[%emt 00:00:20]} 30. Rhg1 {[%clk 00:30:09]} {[%emt 00:04:09]} g6 {[%clk
01:10:39]} {[%emt 00:00:19]} 31. Rgf1 {[%clk 00:30:21]} Rf8 {[%clk 01:10:10]}
{[%emt 00:01:17]} 32. Nd3 {[%clk 00:30:23]} a5 {[%clk 01:10:10]} 33. Qg5 {[%clk
00:30:23]} Qe6 {[%clk 01:09:18]} {[%emt 00:06:57]} 34. Rde1 {[%clk 00:21:52]}
Kg7 {[%clk 01:08:47]} {[%emt 00:05:54]} 35. Qg2 {[%clk 00:15:33]} a4 {[%clk
01:07:36]} {[%emt 00:08:31]} 36. a3 {[%emt 00:00:42]} e4 {[%clk 01:04:18]}
{[%emt 00:03:40]} 37. Nf4 {[%clk 00:13:09]} {[%emt 00:02:48]} Qe5 {[%clk
01:04:28]} {[%emt 00:00:21]} 38. Qh3 {[%clk 00:12:35]} {[%emt 00:01:03]} Re8
{[%clk 01:03:50]} {[%emt 00:01:09]} 39. Ne2 {[%clk 00:11:50]} {[%emt 00:01:15]}
d4 {[%clk 01:02:22]} {[%emt 00:01:59]} 40. Ng3 {[%clk 00:07:27]} {[%emt
00:04:52]} Ba5 {[%clk 00:59:40]} {[%emt 00:03:12]} 41. Re2 {[%clk 00:06:33]}
{[%emt 00:01:24]} e3 {[%clk 00:58:18]} {[%emt 00:01:53]} 42. Rg2 {[%clk
00:00:51]} {[%emt 00:06:10]} Nd5 {[%clk 00:57:14]} {[%emt 00:01:34]} 43. Qd7+
{[%clk 00:29:52]} {[%emt 00:01:30]} Kg8 {[%clk 01:26:12]} {[%emt 00:01:32]} 44.
Qf7+ {[%clk 00:25:58]} {[%emt 00:04:25]} Kh8 {[%clk 01:26:35]} {[%emt
00:00:07]} 45. Nh5 {[%clk 00:26:01]} {[%emt 00:00:26]} Rg8 {[%clk 01:25:23]}
{[%emt 00:01:42]} 46. Nf6 {[%clk 00:22:29]} {[%emt 00:04:01]} Nxf6 {[%clk
01:25:44]} {[%emt 00:00:10]} 47. Rxf6 {[%clk 00:22:55]} {[%emt 00:00:04]} e2
{[%clk 01:25:54]} {[%emt 00:00:20]} 48. Rxe2 {[%clk 00:22:52]} {[%emt
00:00:32]} Qxe2 {[%clk 01:26:18]} {[%emt 00:00:07]} 49. Re6 {[%clk 00:23:11]}
{[%emt 00:00:10]} Qd1+ {[%clk 01:26:09]} {[%emt 00:00:40]} 50. Ka2 {[%clk
00:23:31]} {[%emt 00:00:10]} Bd8 {[%clk 01:22:59]} {[%emt 00:03:40]} 51. Re8
{[%clk 00:23:20]} {[%emt 00:00:41]} Rxe8 {[%clk 01:23:17]} {[%emt 00:00:12]}
52. Qxe8+ {[%clk 00:23:46]} {[%emt 00:00:04]} Kg7 {[%clk 01:23:38]} {[%emt
00:00:09]} 53. Qxd8 {[%clk 00:24:12]} {[%emt 00:00:04]} Qg4 {[%clk 01:21:44]}
{[%emt 00:02:24]} 1/2-1/2

[Event "Deutsche Ländermeisterschaft 2025"]
[Site "Oer-Erkenschwick GER"]
[Date "2025.10.04"]
[Round "6"]
[White "Andersen, Jonathan"]
[Black "Krause, Enrico"]
[Result "1-0"]
[Termination "normal"]
[Board "8.3"]
[WhiteElo "1886"]
[BlackElo "1892"]
[WhiteClock "00:35:09"]
[BlackClock "00:38:25"]
[WhiteTeam "Hamburg 1"]
[BlackTeam "Mecklenburg-Vorpommern"]
[PlyCount "103"]
[WhiteFideId "34623884"]
[BlackFideId "34618490"]
[EventCountry "GER"]
[EventRounds "7"]
[EventType "team-swiss"]
[EventDate "2025.09.30"]

1. Nf3 {[%clk 01:30:54]} {[%emt 00:00:05]} d5 {[%clk 01:30:43]} {[%emt
00:00:18]} 2. g3 {[%clk 01:31:10]} {[%emt 00:00:13]} Nf6 {[%clk 01:31:09]}
{[%emt 00:00:04]} 3. Bg2 {[%clk 01:31:35]} {[%emt 00:00:05]} Bf5 {[%clk
01:31:31]} {[%emt 00:00:08]} 4. O-O {[%clk 01:31:50]} {[%emt 00:00:15]} c6
{[%clk 01:31:34]} {[%emt 00:00:28]} 5. c3 {[%clk 01:30:19]} {[%emt 00:02:00]}
h6 {[%clk 01:30:59]} {[%emt 00:01:05]} 6. d3 {[%clk 01:30:11]} {[%emt
00:00:38]} Nbd7 {[%clk 01:30:02]} {[%emt 00:01:27]} 7. a4 {[%clk 01:28:56]}
{[%emt 00:01:44]} e5 {[%clk 01:24:57]} {[%emt 00:05:35]} 8. a5 {[%clk
01:28:21]} {[%emt 00:01:06]} Bd6 {[%clk 01:22:24]} {[%emt 00:03:03]} 9. e4
{[%clk 01:25:05]} {[%emt 00:03:46]} Bh7 {[%clk 01:20:34]} {[%emt 00:02:20]} 10.
Re1 {[%clk 01:22:17]} {[%emt 00:03:17]} O-O {[%clk 01:18:20]} {[%emt 00:02:44]}
11. b4 {[%clk 01:22:03]} {[%emt 00:00:44]} Re8 {[%clk 01:12:59]} {[%emt
00:05:51]} 12. Nbd2 {[%clk 01:19:17]} {[%emt 00:03:16]} d4 {[%clk 01:08:27]}
{[%emt 00:05:03]} 13. Qb3 {[%clk 01:14:09]} {[%emt 00:05:37]} dxc3 {[%clk
01:06:22]} {[%emt 00:02:36]} 14. Nc4 {[%clk 01:13:46]} {[%emt 00:00:52]} Bf8
{[%clk 01:04:17]} {[%emt 00:02:36]} 15. Qxc3 {[%clk 01:13:32]} {[%emt
00:00:42]} Qe7 {[%clk 01:03:03]} {[%emt 00:01:45]} 16. Ba3 {[%clk 01:13:25]}
{[%emt 00:00:37]} b5 {[%clk 01:00:51]} {[%emt 00:02:42]} 17. axb6 {[%clk
00:55:40]} {[%emt 00:18:15]} axb6 {[%clk 00:59:57]} {[%emt 00:01:25]} 18. b5
{[%clk 00:52:10]} {[%emt 00:03:59]} Qe6 {[%clk 00:58:43]} {[%emt 00:01:44]} 19.
Bxf8 {[%clk 00:50:59]} {[%emt 00:01:42]} Rxa1 {[%clk 00:59:08]} {[%emt
00:00:04]} 20. Qxa1 {[%clk 00:51:13]} {[%emt 00:00:16]} Kxf8 {[%clk 00:58:04]}
{[%emt 00:01:35]} 21. bxc6 {[%clk 00:51:33]} {[%emt 00:00:09]} Qxc6 {[%clk
00:57:28]} {[%emt 00:01:06]} 22. Nfxe5 {[%clk 00:45:23]} {[%emt 00:06:41]} Nxe5
{[%clk 00:56:15]} {[%emt 00:01:43]} 23. Nxe5 {[%clk 00:45:45]} {[%emt
00:00:08]} Qc7 {[%clk 00:55:24]} {[%emt 00:01:20]} 24. f4 {[%clk 00:44:58]}
{[%emt 00:01:18]} b5 {[%clk 00:50:27]} {[%emt 00:05:26]} 25. Qa3+ {[%clk
00:42:53]} {[%emt 00:02:34]} Kg8 {[%clk 00:49:59]} {[%emt 00:00:59]} 26. Rc1
{[%clk 00:43:01]} {[%emt 00:00:21]} Qb6+ {[%clk 00:49:59]} {[%emt 00:00:30]}
27. Qc5 {[%clk 00:43:21]} {[%emt 00:00:11]} Qxc5+ {[%clk 00:46:17]} {[%emt
00:04:13]} 28. Rxc5 {[%clk 00:42:57]} {[%emt 00:00:53]} Rb8 {[%clk 00:46:42]}
{[%emt 00:00:03]} 29. Nc6 {[%clk 00:41:38]} {[%emt 00:01:50]} Rb6 {[%clk
00:46:55]} {[%emt 00:00:18]} 30. Nd4 {[%clk 00:41:48]} {[%emt 00:00:18]} g5
{[%clk 00:45:09]} {[%emt 00:02:19]} 31. fxg5 {[%clk 00:41:52]} {[%emt
00:00:25]} Nd7 {[%clk 00:44:25]} {[%emt 00:01:14]} 32. Rd5 {[%clk 00:38:53]}
{[%emt 00:03:27]} Nf8 {[%clk 00:42:17]} {[%emt 00:02:41]} 33. Nxb5 {[%clk
00:39:05]} {[%emt 00:00:17]} hxg5 {[%clk 00:42:27]} {[%emt 00:00:20]} 34. Rxg5+
{[%clk 00:39:19]} {[%emt 00:00:16]} Bg6 {[%clk 00:42:50]} {[%emt 00:00:08]} 35.
Bh3 {[%clk 00:38:09]} {[%emt 00:01:38]} Kg7 {[%clk 00:42:08]} {[%emt 00:01:14]}
36. Kf2 {[%clk 00:37:58]} {[%emt 00:00:39]} Nh7 {[%clk 00:41:47]} {[%emt
00:00:52]} 37. Rc5 {[%clk 00:38:01]} {[%emt 00:00:25]} Ra6 {[%clk 00:40:41]}
{[%emt 00:01:37]} 38. Nc3 {[%clk 00:37:45]} {[%emt 00:00:46]} Ra3 {[%clk
00:40:54]} {[%emt 00:00:18]} 39. Ke3 {[%clk 00:37:52]} {[%emt 00:00:21]} Rb3
{[%clk 00:40:32]} {[%emt 00:00:54]} 40. Ne2 {[%clk 00:37:34]} {[%emt 00:00:45]}
Nf6 {[%clk 00:39:55]} {[%emt 00:01:11]} 41. Nd4 {[%clk 00:35:00]} {[%emt
00:03:03]} Rb2 {[%clk 00:38:54]} {[%emt 00:01:31]} 42. Rc2 {[%clk 00:35:20]}
{[%emt 00:00:10]} Rb1 {[%clk 00:38:14]} {[%emt 00:01:09]} 43. Bf5 {[%clk
00:34:47]} {[%emt 00:01:05]} Bh5 {[%clk 00:37:56]} {[%emt 00:00:48]} 44. g4
{[%clk 00:34:53]} {[%emt 00:00:23]} Bg6 {[%clk 00:37:22]} {[%emt 00:01:03]} 45.
g5 {[%clk 00:34:44]} {[%emt 00:00:40]} Nh5 {[%clk 00:37:13]} {[%emt 00:00:39]}
46. Bxg6 {[%clk 00:34:17]} {[%emt 00:00:57]} Kxg6 {[%clk 00:37:34]} {[%emt
00:00:09]} 47. Nf3 {[%clk 00:34:35]} {[%emt 00:00:12]} Ng7 {[%clk 00:37:17]}
{[%emt 00:00:48]} 48. Ne5+ {[%clk 00:33:50]} {[%emt 00:01:13]} Kxg5 {[%clk
00:37:33]} {[%emt 00:00:15]} 49. Rg2+ {[%clk 00:34:07]} {[%emt 00:00:12]} Kf6
{[%clk 00:37:40]} {[%emt 00:00:24]} 50. Nd7+ {[%clk 00:34:29]} {[%emt
00:00:07]} Ke7 {[%clk 00:38:01]} {[%emt 00:00:11]} 51. Rxg7 {[%clk 00:34:52]}
{[%emt 00:00:06]} Kxd7 {[%clk 00:38:25]} {[%emt 00:00:06]} 52. Rxf7+ {[%clk
00:35:09]} {[%emt 00:00:13]} 1-0